Sobre el valor pragmático del mito: Apuntes desde la mitología comparada entre Talamancas y Kunas /
En el artículo se establece una comparación entre los mitos de los pueblos indígenas, de los sailas kunas con el mito de "Ibeler y sus hermanos" que se rebelaron contra sus opresores y, en Talamanca bribris y cabécares con el mito de los "Hermanos Serke". Así, se plantea que la c...
Αποθηκεύτηκε σε:
| Κύριος συγγραφέας: | |
|---|---|
| Μορφή: | Κείμενο |
| Γλώσσα: | Spanish |
| Θέματα: | |
| Διαθέσιμο Online: | marcos.guevara@ucr.ac.cr |
| Ετικέτες: |
Προσθήκη ετικέτας
Δεν υπάρχουν, Καταχωρήστε ετικέτα πρώτοι!
|
MARC
| LEADER | 00000 a a2200000 04500 | ||
|---|---|---|---|
| 001 | 41561 | ||
| 003 | cru CRAI/IIS | ||
| 005 | 20210603121413.0 | ||
| 008 | 210603b |||||||| |||| 00| 0 spa d | ||
| 040 | |c cru CRAI/IIS | ||
| 100 | |a Guevara Berger, Marcos | ||
| 245 | |a Sobre el valor pragmático del mito: |b Apuntes desde la mitología comparada entre Talamancas y Kunas / |c Marcos Guevara Berger | ||
| 500 | |a Colección Centroamérica | ||
| 520 | |a En el artículo se establece una comparación entre los mitos de los pueblos indígenas, de los sailas kunas con el mito de "Ibeler y sus hermanos" que se rebelaron contra sus opresores y, en Talamanca bribris y cabécares con el mito de los "Hermanos Serke". Así, se plantea que la comparación contribuye a esclarecer el papel de un personaje desaparecido: el uséköL, en la resistencia contra las fuerzas que pretendieron doblegar a Talamanca. | ||
| 590 | |a SJB/JUNIO2012 | ||
| 650 | |a 1.MITOLOGIA | ||
| 650 | |a 2.POBLACION INDIGENA | ||
| 650 | |a 3.CULTURA POPULAR | ||
| 650 | |a 4.PATRIMONIO CULTURAL | ||
| 650 | |a 5.PANAMA | ||
| 650 | |a 6.COSTA RICA | ||
| 773 | |g volumen35-36 (2009-2010), páginas 11-35 | ||
| 773 | 0 | |0 18765 |9 5234 |a Universidad de Costa Rica. |d San José, Costa Rica: Editorial Universidad de Costa Rica, 1974- |o 12541 |t Anuario de Estudios Centroamericanos / |x 03777316 | |
| 856 | |u marcos.guevara@ucr.ac.cr | ||
| 942 | |2 ddc |c PP | ||
| 999 | |c 27495 |d 27495 | ||
